<?xml version="1.0" encoding="UTF-8"?>
<record
    xmlns:xsi="http://www.w3.org/2001/XMLSchema-instance"
    xsi:schemaLocation="http://www.loc.gov/MARC21/slim http://www.loc.gov/standards/marcxml/schema/MARC21slim.xsd"
    xmlns="http://www.loc.gov/MARC21/slim">

  <leader>03202ngm a2200505   4500</leader>
  <controlfield tag="003">dpl</controlfield>
  <controlfield tag="005">20080723110517.0</controlfield>
  <controlfield tag="007">DVD</controlfield>
  <controlfield tag="008">||||||sp199   xxu|||||c|||| 00| 0 eng d</controlfield>
  <datafield tag="010" ind1=" " ind2=" ">
    <subfield code="a">DVD-001038-1040 &amp; DVD-005193-5198</subfield>
  </datafield>
  <datafield tag="024" ind1=" " ind2=" ">
    <subfield code="c">2999.00 for set of 20 Vols</subfield>
  </datafield>
  <datafield tag="035" ind1=" " ind2=" ">
    <subfield code="a">DVD-001038-1040</subfield>
  </datafield>
  <datafield tag="035" ind1=" " ind2=" ">
    <subfield code="a">DVD-005193-5198</subfield>
  </datafield>
  <datafield tag="040" ind1=" " ind2=" ">
    <subfield code="a">DPL</subfield>
    <subfield code="c">DPL</subfield>
  </datafield>
  <datafield tag="082" ind1=" " ind2=" ">
    <subfield code="a">DVD / SMAP</subfield>
  </datafield>
  <datafield tag="245" ind1=" " ind2=" ">
    <subfield code="a">Sampoorn Ramayan :</subfield>
    <subfield code="c">Gayatri Films and Music Pvt. Ltd.</subfield>
    <subfield code="h">[videorecording] DVD/</subfield>
    <subfield code="b">Vol. 17  Episode No.121-128</subfield>
  </datafield>
  <datafield tag="260" ind1=" " ind2=" ">
    <subfield code="b">Moserbaer Entertainment</subfield>
  </datafield>
  <datafield tag="300" ind1=" " ind2=" ">
    <subfield code="a">1 videodisc DVD; </subfield>
    <subfield code="b">sd., col. ;</subfield>
    <subfield code="c">4 3/4 in.</subfield>
    <subfield code="f">DVD</subfield>
  </datafield>
  <datafield tag="440" ind1=" " ind2=" ">
    <subfield code="a">Moser Baer Entertainment</subfield>
  </datafield>
  <datafield tag="500" ind1=" " ind2=" ">
    <subfield code="a">This DVD is Copy Protected</subfield>
  </datafield>
  <datafield tag="500" ind1=" " ind2=" ">
    <subfield code="a">Set of 20 Vols. not to be sold individually</subfield>
  </datafield>
  <datafield tag="500" ind1=" " ind2=" ">
    <subfield code="a">It is a T.V. Serial</subfield>
  </datafield>
  <datafield tag="538" ind1=" " ind2=" ">
    <subfield code="i">Language: Dolby Digital 5.1-Hindi Subtitles: English</subfield>
  </datafield>
  <datafield tag="538" ind1=" " ind2=" ">
    <subfield code="a">Aspect Ratio: 1.85:1, Presentation type: Wide Screen Presentation Size 16x9 </subfield>
  </datafield>
  <datafield tag="650" ind1=" " ind2=" ">
    <subfield code="a">T.V. Serial</subfield>
  </datafield>
  <datafield tag="700" ind1=" " ind2=" ">
    <subfield code="a">Sagar, Ramanand</subfield>
  </datafield>
  <datafield tag="700" ind1=" " ind2=" ">
    <subfield code="a">Sagar, Subhash</subfield>
  </datafield>
  <datafield tag="700" ind1=" " ind2=" ">
    <subfield code="a">Sagar, Prem</subfield>
  </datafield>
  <datafield tag="700" ind1=" " ind2=" ">
    <subfield code="a">Sagar, Annand</subfield>
  </datafield>
  <datafield tag="700" ind1=" " ind2=" ">
    <subfield code="a">Sagar, Moti</subfield>
  </datafield>
  <datafield tag="700" ind1=" " ind2=" ">
    <subfield code="a">Gouvil, Arun</subfield>
  </datafield>
  <datafield tag="700" ind1=" " ind2=" ">
    <subfield code="a">Deepika</subfield>
  </datafield>
  <datafield tag="942" ind1=" " ind2=" ">
    <subfield code="c">CF</subfield>
    <subfield code="2">ddc</subfield>
    <subfield code="h">DVD</subfield>
    <subfield code="m">SAMP</subfield>
  </datafield>
  <datafield tag="999" ind1=" " ind2=" ">
    <subfield code="c">16903</subfield>
    <subfield code="d">16903</subfield>
  </datafield>
  <datafield tag="952" ind1=" " ind2=" ">
    <subfield code="0">0</subfield>
    <subfield code="1">0</subfield>
    <subfield code="2">ddc</subfield>
    <subfield code="4">0</subfield>
    <subfield code="7">0</subfield>
    <subfield code="a">L</subfield>
    <subfield code="b">L</subfield>
    <subfield code="d">2008-10-20</subfield>
    <subfield code="e">Purchase</subfield>
    <subfield code="g">2999.00</subfield>
    <subfield code="l">20</subfield>
    <subfield code="m">1</subfield>
    <subfield code="o">DVD SAMP</subfield>
    <subfield code="p">DVD-001038</subfield>
    <subfield code="r">2013-03-26 00:00:00</subfield>
    <subfield code="s">2013-03-11</subfield>
    <subfield code="t">1</subfield>
    <subfield code="v">2999.00</subfield>
    <subfield code="w">2008-10-20</subfield>
    <subfield code="y">CF</subfield>
  </datafield>
  <datafield tag="952" ind1=" " ind2=" ">
    <subfield code="0">0</subfield>
    <subfield code="1">0</subfield>
    <subfield code="2">ddc</subfield>
    <subfield code="4">0</subfield>
    <subfield code="7">0</subfield>
    <subfield code="a">ZLS</subfield>
    <subfield code="b">ZLS</subfield>
    <subfield code="d">2008-10-20</subfield>
    <subfield code="e">Purchase</subfield>
    <subfield code="g">2999.00</subfield>
    <subfield code="l">10</subfield>
    <subfield code="o">DVD SAMP</subfield>
    <subfield code="p">DVD-001039</subfield>
    <subfield code="r">2012-01-03 00:00:00</subfield>
    <subfield code="s">2012-01-02</subfield>
    <subfield code="t">1</subfield>
    <subfield code="v">2999.00</subfield>
    <subfield code="w">2008-10-20</subfield>
    <subfield code="y">CF</subfield>
  </datafield>
  <datafield tag="952" ind1=" " ind2=" ">
    <subfield code="0">0</subfield>
    <subfield code="1">0</subfield>
    <subfield code="2">ddc</subfield>
    <subfield code="4">0</subfield>
    <subfield code="7">0</subfield>
    <subfield code="a">BL1</subfield>
    <subfield code="b">BL1</subfield>
    <subfield code="d">2008-10-20</subfield>
    <subfield code="e">Purchase</subfield>
    <subfield code="g">2999.00</subfield>
    <subfield code="l">6</subfield>
    <subfield code="o">DVD SAMP</subfield>
    <subfield code="p">DVD-001040</subfield>
    <subfield code="r">2011-07-13 00:00:00</subfield>
    <subfield code="s">2011-02-04</subfield>
    <subfield code="t">1</subfield>
    <subfield code="v">2999.00</subfield>
    <subfield code="w">2008-10-20</subfield>
    <subfield code="y">CF</subfield>
  </datafield>
  <datafield tag="952" ind1=" " ind2=" ">
    <subfield code="0">0</subfield>
    <subfield code="1">0</subfield>
    <subfield code="2">ddc</subfield>
    <subfield code="4">0</subfield>
    <subfield code="7">0</subfield>
    <subfield code="a">JP</subfield>
    <subfield code="b">JP</subfield>
    <subfield code="d">2009-12-02</subfield>
    <subfield code="e">Pioneers/885/29-10-09/325/13-10-09 /06-11-09 </subfield>
    <subfield code="g">2999.00</subfield>
    <subfield code="l">10</subfield>
    <subfield code="m">1</subfield>
    <subfield code="o">DVD SAMP</subfield>
    <subfield code="p">DVD-005193</subfield>
    <subfield code="r">2013-03-07 00:00:00</subfield>
    <subfield code="s">2013-03-05</subfield>
    <subfield code="t">1</subfield>
    <subfield code="v">2999.00</subfield>
    <subfield code="w">2009-12-02</subfield>
    <subfield code="y">CF</subfield>
  </datafield>
  <datafield tag="952" ind1=" " ind2=" ">
    <subfield code="0">0</subfield>
    <subfield code="1">0</subfield>
    <subfield code="2">ddc</subfield>
    <subfield code="4">0</subfield>
    <subfield code="7">0</subfield>
    <subfield code="a">RKP</subfield>
    <subfield code="b">RKP</subfield>
    <subfield code="d">2009-12-02</subfield>
    <subfield code="e">Pioneers/885/29-10-09/325/13-10-09 /06-11-09 </subfield>
    <subfield code="g">2999.00</subfield>
    <subfield code="l">1</subfield>
    <subfield code="o">DVD SAMP</subfield>
    <subfield code="p">DVD-005194</subfield>
    <subfield code="r">2011-04-07 00:00:00</subfield>
    <subfield code="s">2011-03-25</subfield>
    <subfield code="t">1</subfield>
    <subfield code="v">2999.00</subfield>
    <subfield code="w">2009-12-02</subfield>
    <subfield code="y">CF</subfield>
  </datafield>
  <datafield tag="952" ind1=" " ind2=" ">
    <subfield code="0">0</subfield>
    <subfield code="1">0</subfield>
    <subfield code="2">ddc</subfield>
    <subfield code="4">0</subfield>
    <subfield code="7">0</subfield>
    <subfield code="a">VP</subfield>
    <subfield code="b">VP</subfield>
    <subfield code="d">2009-12-02</subfield>
    <subfield code="e">Pioneers/885/29-10-09/325/13-10-09 /06-11-09 </subfield>
    <subfield code="g">2999.00</subfield>
    <subfield code="l">2</subfield>
    <subfield code="o">DVD SAMP</subfield>
    <subfield code="p">DVD-005195</subfield>
    <subfield code="r">2010-09-06 00:00:00</subfield>
    <subfield code="s">2010-08-20</subfield>
    <subfield code="t">1</subfield>
    <subfield code="v">2999.00</subfield>
    <subfield code="w">2009-12-02</subfield>
    <subfield code="y">CF</subfield>
  </datafield>
  <datafield tag="952" ind1=" " ind2=" ">
    <subfield code="0">0</subfield>
    <subfield code="1">0</subfield>
    <subfield code="2">ddc</subfield>
    <subfield code="4">0</subfield>
    <subfield code="7">0</subfield>
    <subfield code="a">BL3</subfield>
    <subfield code="b">BL3</subfield>
    <subfield code="d">2009-12-02</subfield>
    <subfield code="e">Pioneers/885/29-10-09/325/13-10-09 /06-11-09 </subfield>
    <subfield code="g">2999.00</subfield>
    <subfield code="l">7</subfield>
    <subfield code="o">DVD SAMP</subfield>
    <subfield code="p">DVD-005196</subfield>
    <subfield code="r">2015-12-05 00:00:00</subfield>
    <subfield code="s">2015-11-21</subfield>
    <subfield code="t">1</subfield>
    <subfield code="v">2999.00</subfield>
    <subfield code="w">2009-12-02</subfield>
    <subfield code="y">CF</subfield>
  </datafield>
  <datafield tag="952" ind1=" " ind2=" ">
    <subfield code="0">0</subfield>
    <subfield code="1">0</subfield>
    <subfield code="2">ddc</subfield>
    <subfield code="4">0</subfield>
    <subfield code="7">0</subfield>
    <subfield code="a">NR</subfield>
    <subfield code="b">NR</subfield>
    <subfield code="d">2009-12-02</subfield>
    <subfield code="e">Pioneers/885/29-10-09/325/13-10-09 /06-11-09 </subfield>
    <subfield code="g">2999.00</subfield>
    <subfield code="l">3</subfield>
    <subfield code="o">DVD SAMP</subfield>
    <subfield code="p">DVD-005197</subfield>
    <subfield code="r">2011-04-13 00:00:00</subfield>
    <subfield code="s">2011-04-06</subfield>
    <subfield code="t">1</subfield>
    <subfield code="v">2999.00</subfield>
    <subfield code="w">2009-12-02</subfield>
    <subfield code="y">CF</subfield>
  </datafield>
  <datafield tag="952" ind1=" " ind2=" ">
    <subfield code="0">0</subfield>
    <subfield code="1">0</subfield>
    <subfield code="2">ddc</subfield>
    <subfield code="4">0</subfield>
    <subfield code="7">0</subfield>
    <subfield code="a">BL4</subfield>
    <subfield code="b">BL4</subfield>
    <subfield code="d">2009-12-02</subfield>
    <subfield code="e">Pioneers/885/29-10-09/325/13-10-09 /06-11-09 </subfield>
    <subfield code="g">2999.00</subfield>
    <subfield code="l">0</subfield>
    <subfield code="o">DVD SAMP</subfield>
    <subfield code="p">DVD-005198</subfield>
    <subfield code="r">2009-12-02 00:00:00</subfield>
    <subfield code="t">1</subfield>
    <subfield code="v">2999.00</subfield>
    <subfield code="w">2009-12-02</subfield>
    <subfield code="y">CF</subfield>
  </datafield>
</record>
